Young Vincent : the story of Van Gogh's years in England
| Main Author: | |
|---|---|
| Format: | Book |
| Published: |
London :
W.H.Allen ,
1990
|
| Subjects: |
MARC
| LEADER | 00000cam a2200000 7i4500 | ||
|---|---|---|---|
| 001 | 0000005813 | ||
| 002 | 000006285 | ||
| 005 | 20000330.0 | ||
| 020 | |a 085031965X | ||
| 090 | 0 | 0 | |a 920 |b BAI |
| 100 | 1 | |a Bailey, Martin | |
| 245 | 1 | 0 | |a Young Vincent : |b the story of Van Gogh's years in England |c Martin Bailey |
| 260 | |a London : |b W.H.Allen , |c 1990 | ||
| 300 | |a 165p. : |b ill. ; |c 25cm. | ||
| 650 | 0 | 0 | |a Van Gogh, Vincent |x Biography |
| 999 | |a 031451 |b BUKU |c PINJAMAN |e PERPUSTAKAAN KOMUNITI PETALING JAYA | ||
| 999 | |a 031452 |b BUKU |c PINJAMAN |e PERPUSTAKAAN KOMUNITI PETALING JAYA | ||